Statystyki dla Państwa świata z pustą mapą - pięć minut sprintu

Kliknij tutaj aby rozwiązać quiz!

Ogólne statystyki

  • Ten quiz został rozwiązany 1 767 razy
  • Średni wynik to 87 z 196

Odpowiedzi na mapie

Odpowiedzi skodowane kolorowo w zielono-czerwonej skali na mapie do tego quizu, zgodnie z poniższymi procentami.
 

Statystyki odpowiedzi

kraj% Poprawnych
Polska
95%
Rosja
94%
Kanada
92%
Stany Zjednoczone
92%
Niemcy
91%
Francja
90%
Chiny
89%
Brazylia
87%
Hiszpania
87%
Meksyk
86%
Ukraina
84%
Argentyna
83%
Czechy
83%
Szwecja
83%
Wlochy
82%
Slowacja
81%
Bialorus
80%
Norwegia
80%
Finlandia
79%
Portugalia
79%
Australia
78%
Litwa
78%
Austria
77%
Japonia
76%
Kazachstan
76%
Chile
75%
Łotwa
75%
Dania
74%
Grecja
74%
Egipt
73%
Indie
73%
Wielka Brytania
73%
Szwajcaria
72%
Estonia
71%
Mongolia
71%
Peru
71%
Turcja
71%
Slowenia
69%
Kolumbia
68%
Boliwia
66%
Islandia
66%
Rumunia
66%
Urugwaj
66%
Chorwacja
65%
Iran
65%
Irlandia
65%
Wegry
65%
Irak
64%
Belgia
63%
Holandia
63%
Wenezuela
63%
Paragwaj
62%
Serbia
61%
Albania
59%
Bulgaria
59%
Kuba
58%
Algieria
57%
Bosnia i Hercegowina
57%
Panama
57%
Arabia Saudyjska
56%
Indonezja
56%
Ekwador
55%
Republika
Poludniowej Afryki
55%
Andora
54%
Korea Pólnocna
54%
Korea Poludniowa
54%
Nowa Zelandia
54%
Watykan
54%
Kosowo
52%
Moldawia
52%
Monako
52%
Pakistan
52%
Libia
51%
Luksemburg
51%
Niger
51%
Afganistan
49%
Oman
48%
San Marino
48%
Czarnogóra
47%
Nigeria
47%
Dominika
46%
Kongo
46%
Wietnam
46%
Honduras
45%
Izrael
45%
Jemen
45%
Sudan
45%
Uzbekistan
45%
Gujana
44%
Maroko
44%
Tajlandia
44%
Liechtenstein
43%
Malta
43%
Dominikana
42%
Gruzja
42%
Haiti
42%
Kostaryka
42%
Surinam
42%
Czad
41%
Tadzykistan
41%
Turkmenistan
41%
Armenia
40%
Cypr
40%
Jamajka
40%
Nepal
40%
Syria
40%
Kirgistan
39%
Laos
39%
Madagaskar
39%
Tunezja
39%
Filipiny
38%
Nikaragua
38%
Etiopia
37%
Gwatemala
37%
Kenia
37%
Mali
37%
Malezja
36%
Azerbejdzan
35%
Belize
35%
Zjednoczone Emiraty
Arabskie
35%
Angola
34%
Liban
34%
Salwador
34%
Kambodza
33%
Katar
33%
Somalia
32%
Bhutan
30%
Gwinea
30%
Jordania
30%
Macedonia Północna
30%
Senegal
30%
Sudan Poludniowy
30%
Bangladesz
29%
Zambia
29%
Bahamy
28%
Ghana
28%
Mauretania
28%
Sri Lanka
28%
Tajwan
28%
Dem Rep Konga
27%
Kuwejt
27%
Mjanma
27%
Papua-Nowa Gwinea
27%
Tanzania
27%
Zimbabwe
27%
Côte d'Ivoire
26%
Togo
26%
Botswana
25%
Kamerun
25%
Namibia
25%
Uganda
25%
Mozambik
24%
Fidzi
23%
Liberia
23%
Erytrea
22%
Lesotho
22%
Singapur
22%
Bahrajn
21%
Benin
21%
Gabon
21%
Barbados
20%
Malediwy
20%
Mikronezja
20%
Republika
Srodkowoafrykanska
20%
Kiribati
18%
Malawi
18%
Palau
18%
Trynidad i Tobago
18%
Burkina Faso
17%
Gambia
17%
Grenada
17%
Seszele
17%
Brunei
16%
Gwinea Bissau
16%
Gwinea Równikowa
16%
Rwanda
16%
Samoa
16%
St Lucia
16%
Tonga
16%
Tuvalu
16%
Antigua i Barbuda
15%
Dzibuti
15%
Nauru
15%
Saint Vincent i
Grenadyny
14%
Sierra Leone
14%
Vanuatu
14%
Burundi
13%
Wyspy Marshalla
13%
Wyspy Salomona
13%
Komory
12%
Mauritius
12%
Eswatini
11%
Timor-Leste
11%
Cabo Verde
10%
Wyspy Swietego
Tomasza i Ksiazeca
10%
St Kitts i Nevis
8%

Rozkład punktacji

Percentyl według liczby udzielonych odpowiedzi

Procent ludzi z każdym wynikiem

Twoja historia wyników

Nie rozwiązałeś tego quizu